La verdad del juego sucio de la paz / (Registro nro. 6842)
[ vista simple ]
| 000 -LEADER | |
|---|---|
| fixed length control field | 00877nam a22002177a 4500 |
| 003 - CONTROL NUMBER IDENTIFIER | |
| control field | OSt |
| 005 - DATE AND TIME OF LATEST TRANSACTION | |
| control field | 20200914105520.0 |
| 008 - FIXED-LENGTH DATA ELEMENTS--GENERAL INFORMATION | |
| fixed length control field | 200914s2001 ck abcogr|||| 00| 0dspa d |
| 040 ## - CATALOGING SOURCE | |
| Original cataloging agency | CO-JMCR |
| Transcribing agency | CO-JMCR |
| 041 0# - LANGUAGE CODE | |
| Language code of text/sound track or separate title | spa |
| 082 04 - DEWEY DECIMAL CLASSIFICATION NUMBER | |
| Edition number | 23 |
| Classification number | 303.66 / |
| Item number | V483v |
| 245 03 - TITLE STATEMENT | |
| Title | La verdad del juego sucio de la paz / |
| 260 ## - PUBLICATION, DISTRIBUTION, ETC. | |
| Place of publication, distribution, etc. | [lugar desconocido] : |
| Name of publisher, distributor, etc. | [Editorial desconocida], |
| Date of publication, distribution, etc. | 2001. |
| 300 ## - PHYSICAL DESCRIPTION | |
| Extent | 118 páginas : |
| Other physical details | ilustraciones, mapas, retratos, fotografías a color ; |
| Dimensions | 23 cm. |
| 504 ## - BIBLIOGRAPHY, ETC. NOTE | |
| Bibliography, etc. note | Bibliografía: página 119. |
| 505 0# - FORMATTED CONTENTS NOTE | |
| Formatted contents note | Delitos de lesa humanidad. -- Integrantes de la organización narcoterrorista FARC. -- Comunidad internacional frente al terrorismo colombiano |
| 650 24 - SUBJECT ADDED ENTRY--TOPICAL TERM | |
| Topical term or geographic name entry element | Conflicto armado |
| General subdivision | Aspectos sociales |
| Geographic subdivision | Colombia |
| 9 (RLIN) | 10216 |
| 650 24 - SUBJECT ADDED ENTRY--TOPICAL TERM | |
| Topical term or geographic name entry element | Delitos contra la persona |
| Geographic subdivision | Colombia. |
| 9 (RLIN) | 10088 |
| 650 24 - SUBJECT ADDED ENTRY--TOPICAL TERM | |
| Topical term or geographic name entry element | Desplazamiento forzado |
| Geographic subdivision | Colombia |
| 9 (RLIN) | 8042 |
| 942 ## - ADDED ENTRY ELEMENTS (KOHA) | |
| Source of classification or shelving scheme | Dewey Decimal Classification |
| Koha item type | Books |
| Withdrawn status | Lost status | Source of classification or shelving scheme | Damaged status | Not for loan | Home library | Current library | Shelving location | Date acquired | Source of acquisition | Total Checkouts | Full call number | Barcode | Date last seen | Copy number | Price effective from | Koha item type |
|---|---|---|---|---|---|---|---|---|---|---|---|---|---|---|---|---|
| Dewey Decimal Classification | Biblioteca Pública José María del Castillo y Rada | Biblioteca Pública José María del Castillo y Rada | General Stacks | 04/15/2018 | Donación | 303.66 / V483v | 201809809 | 05/16/2024 | Ej.1 | 04/15/2018 | Books |